Every NCAA Division I School in Michigan - Statistics

General Stats
  • This quiz has been taken 43 times
  • The average score is 6 of 7
Answer Stats
Answer Conference % Correct
Michigan Big Ten
100%
Michigan State Big Ten
100%
Eastern Michigan MAC
97%
Western Michigan MAC
97%
Central Michigan MAC
88%
Detroit Mercy Horizon
59%
Oakland Horizon
53%
No matching quizzes found
Score Distribution
Percent of People with Each Score
Percentile by Number Answered
Your Score History
You have not taken this quiz